[Event "25th European Teams Women"]
[Site "Batumi GEO"]
[Date "2025.10.12"]
[Round "7.5"]
[Board "1"]
[White "Gaal, Zsoka"]
[Black "Mkrtchian, Lilit"]
[Result "1/2-1/2"]
[WhiteTitle "WGM"]
[BlackTitle "IM"]
[WhiteElo "2395"]
[BlackElo "2377"]
[WhiteTeam "Hungary"]
[BlackTeam "Armenia"]
[WhiteFideId "777765"]
[BlackFideId "13300601"]
[EventDate "2025.10.05"]

1. d4 Nf6 2. c4 e6 3. Nc3 Bb4 4. e3 O-O 5. Ne2 d5 6. a3 Bd6 7. c5 Be7 8. b4 b6
9. Ng3 a5 10. Bd2 c6 11. Be2 Ba6 12. O-O Nbd7 13. h3 g6 14. Qc2 Bxe2 15. Ngxe2
axb4 16. axb4 Qc7 17. Ra2 Ra7 18. Rfa1 Rfa8 19. f4 Rxa2 20. Rxa2 Qb7 21. Nc1 Bd8
22. Be1 Ne8 23. Nd3 f5 24. cxb6 Nxb6 25. Nc5 Qc8 26. b5 Kf7 27. Qb3 Nd6 28. Ra6
cxb5 29. Nxb5 Nxb5 30. Rxa8 Qxa8 31. Qxb5 Qc8 32. Bb4 Nc4 33. Kf2 Nd6 34. Qa4
Nc4 35. Ke2 Nb6 36. Qb5 Nc4 37. Nd3 Be7 38. Bc5 Bd8 39. Nb4 Qc7 40. Nc6 Bf6 41.
Qa6 Kg7 42. Qa8 Qf7 43. g4 fxg4 44. hxg4 g5 45. Ne5 Bxe5 46. fxe5 h5 47. Qd8
hxg4 48. Qxg5+ Qg6 49. Qe7+ Qf7 50. Qg5+ Qg6 51. Qe7+ 1/2-1/2

[Event "25th European Teams Women"]
[Site "Batumi GEO"]
[Date "2025.10.12"]
[Round "7.5"]
[Board "2"]
[White "Mkrtchyan, Mariam"]
[Black "Nomin-Erdene, Davaademberel"]
[Result "1-0"]
[WhiteTitle "WIM"]
[BlackTitle "IM"]
[WhiteElo "2318"]
[BlackElo "2306"]
[WhiteTeam "Armenia"]
[BlackTeam "Hungary"]
[WhiteFideId "13310828"]
[BlackFideId "4900782"]
[EventDate "2025.10.05"]

1. d4 d5 2. Nf3 Nf6 3. c4 e6 4. Nc3 Nbd7 5. cxd5 exd5 6. Bf4 Bb4 7. e3 Ne4 8.
Qc2 g5 9. Bg3 h5 10. h4 Nxg3 11. fxg3 gxh4 12. gxh4 Qe7 13. Bd3 Nb6 14. O-O Be6
15. Nb5 c6 16. a3 Bd6 17. Nxd6+ Qxd6 18. Ng5 Qg3 19. Bf5 Qxe3+ 20. Kh1 Qxd4 21.
Bxe6 Qxh4+ 22. Bh3 Qxg5 23. Qc5 f6 24. Rae1+ Kf7 25. Qe7+ Kg6 26. Rf5 Qh4 27.
Ref1 Raf8 28. R1f4 Qxf4 29. Rxf4 Rf7 30. Qe3 Nc4 31. Bf5+ Kg7 32. Qg3+ Kf8 33.
Be6 Nd6 34. Bxf7 Kxf7 35. Qf2 Ne4 36. Qxa7 h4 37. Qxb7+ Kg6 38. Qxc6 h3 39. Qxd5
Ng3+ 40. Kh2 hxg2+ 41. Kxg2 Nh5 42. Rg4+ Kh6 43. Qd2+ 1-0

[Event "25th European Teams Women"]
[Site "Batumi GEO"]
[Date "2025.10.12"]
[Round "7.5"]
[Board "3"]
[White "Papp, Petra"]
[Black "Danielian, Elina"]
[Result "1-0"]
[WhiteTitle "WGM"]
[BlackTitle "GM"]
[WhiteElo "2267"]
[BlackElo "2410"]
[WhiteTeam "Hungary"]
[BlackTeam "Armenia"]
[WhiteFideId "739049"]
[BlackFideId "13300210"]
[EventDate "2025.10.05"]

1. e4 d6 2. d4 Nf6 3. Nc3 g6 4. Bf4 c6 5. Qd2 b5 6. Bd3 Bg7 7. Bh6 Bxh6 8. Qxh6
b4 9. Nce2 Qa5 10. Nf3 Bg4 11. e5 dxe5 12. Nxe5 Bxe2 13. Bxe2 b3+ 14. c3 Nd5 15.
O-O bxa2 16. Bc4 Qc7 17. Bxd5 cxd5 18. Qf4 e6 19. Nxg6 Qxf4 20. Nxf4 Nc6 21.
Rxa2 Rb8 22. b4 Kd7 23. Nd3 Kd6 24. f4 Rb7 25. Nc5 Rb5 26. Rfa1 Rc8 27. g3 h5
28. Kg2 Ke7 29. Kf3 Kf6 30. h3 Kg6 31. g4 hxg4+ 32. hxg4 Kg7 33. g5 Rh8 34. Kg4
Rb6 35. Rf2 Ne7 36. Rf3 Ng6 37. Rxa7 Rh1 38. Nd7 Rc6 39. Ne5 Rg1+ 40. Kh3 Rc8
41. Rxf7+ Kg8 42. Ra7 Nxe5 43. dxe5 Rc4 44. Re7 Rc6 45. Rd7 Rc4 46. Kh4 Rh1+ 47.
Kg4 Kf8 48. b5 Rb1 49. Kh5 Ke8 50. Rb7 Kd8 51. Kg6 Kc8 52. Re7 Kd8 53. Rf7 Rh1
54. b6 Kc8 55. Kf6 1-0

[Event "25th European Teams Women"]
[Site "Batumi GEO"]
[Date "2025.10.12"]
[Round "7.5"]
[Board "4"]
[White "Gaboyan, Susanna"]
[Black "Karacsonyi, Kata"]
[Result "1-0"]
[WhiteTitle "WIM"]
[BlackTitle "WFM"]
[WhiteElo "2165"]
[BlackElo "2195"]
[WhiteTeam "Armenia"]
[BlackTeam "Hungary"]
[WhiteFideId "13303627"]
[BlackFideId "769584"]
[EventDate "2025.10.05"]

1. Nf3 Nf6 2. g3 g6 3. Bg2 Bg7 4. O-O O-O 5. d3 c5 6. c4 Nc6 7. Nc3 d6 8. Bd2 h6
9. Ne1 e6 10. e4 Nd4 11. f4 Rb8 12. Nc2 Ng4 13. Ne2 Nxc2 14. Qxc2 b5 15. h3 bxc4
16. hxg4 Rxb2 17. Qd1 cxd3 18. Nc3 Bd4+ 19. Kh2 h5 20. g5 Kg7 21. a4 h4 22. Nb5
h3 23. Kxh3 Rh8+ 24. Kg4 Rh2 25. Kf3 Bb7 26. Nxd4 Bxe4+ 27. Kxe4 Qa8+ 28. Kxd3
Qxg2 29. Nf3 e5 30. Nxh2 Qxh2 31. fxe5 d5 32. Kc3 Rb4 33. Qf3 d4+ 34. Kc2 d3+
35. Kc3 f5 36. exf6+ 1-0

[Event "25th European Teams Women"]
[Site "Batumi GEO"]
[Date "2025.10.12"]
[Round "7.6"]
[Board "1"]
[White "Kosteniuk, Alexandra"]
[Black "Caglar, Sila"]
[Result "1/2-1/2"]
[WhiteTitle "GM"]
[BlackTitle "WIM"]
[WhiteElo "2469"]
[BlackElo "2304"]
[WhiteTeam "Switzerland"]
[BlackTeam "Turkiye"]
[WhiteFideId "4128125"]
[BlackFideId "6364063"]
[EventDate "2025.10.05"]

1. e4 c5 2. Nf3 Nc6 3. Bb5 g6 4. O-O Bg7 5. c3 Nf6 6. d4 Nxe4 7. d5 Nb8 8. Re1
Nf6 9. d6 e6 10. a4 a6 11. Bf1 Nc6 12. a5 O-O 13. Qa4 Nd5 14. Nbd2 f5 15. Nc4 b5
16. axb6 Nxb6 17. Qa3 Nxc4 18. Bxc4 Bb7 19. Qxc5 Qc8 20. Ra4 Nd8 21. Qxc8 Bxc8
22. h4 Nf7 23. Bf4 Bb7 24. Rea1 Rfb8 25. Nd2 Bf8 26. Bxa6 Bc6 27. R4a2 e5 28.
Be3 Bxd6 29. f3 Bc7 30. b4 d5 31. Nb3 d4 32. cxd4 Bd5 33. Rc2 Bd6 34. Bc4 Rxa1+
35. Nxa1 Bxc4 36. Rxc4 exd4 37. Bxd4 1/2-1/2

[Event "25th European Teams Women"]
[Site "Batumi GEO"]
[Date "2025.10.12"]
[Round "7.6"]
[Board "2"]
[White "Aydin, Gulenay"]
[Black "Hryzlova, Sofiia"]
[Result "1-0"]
[WhiteTitle "WIM"]
[BlackTitle "WIM"]
[WhiteElo "2237"]
[BlackElo "2309"]
[WhiteTeam "Turkiye"]
[BlackTeam "Switzerland"]
[WhiteFideId "34557431"]
[BlackFideId "14174669"]
[EventDate "2025.10.05"]

1. e4 c5 2. Nc3 d6 3. d4 cxd4 4. Qxd4 Nc6 5. Qd2 g6 6. b3 Bh6 7. f4 Nf6 8. Bb2
e5 9. g3 O-O 10. O-O-O Re8 11. Kb1 Be6 12. Bg2 a5 13. a4 Nb4 14. Nf3 Qc8 15. Ng5
Bg4 16. Rc1 Ra6 17. Bf1 Rb6 18. Bc4 Rf8 19. Rhf1 Qc5 20. h3 Bc8 21. h4 Bg4 22.
Rf2 Bg7 23. Rcf1 h6 24. Nxf7 Rxf7 25. fxe5 dxe5 26. Qd8+ Kh7 27. Bxf7 Rd6 28.
Qa8 Bc8 29. Bd5 Ra6 30. Qxa6 bxa6 31. Rxf6 Bxf6 32. Rxf6 Bg4 33. Rf7+ Kh8 34.
Bc4 g5 35. Rf1 Qe3 36. Nd5 Qxg3 37. Ne7 Bh5 38. Rf8+ Kg7 39. Nf5+ Kxf8 40. Nxg3
Bd1 41. hxg5 Bxc2+ 42. Kc1 hxg5 43. Ba3 1-0

[Event "25th European Teams Women"]
[Site "Batumi GEO"]
[Date "2025.10.12"]
[Round "7.6"]
[Board "3"]
[White "Hakimifard, Ghazal"]
[Black "Tirpan, Ceren"]
[Result "1-0"]
[WhiteTitle "WGM"]
[BlackTitle "WFM"]
[WhiteElo "2206"]
[BlackElo "2195"]
[WhiteTeam "Switzerland"]
[BlackTeam "Turkiye"]
[WhiteFideId "12506540"]
[BlackFideId "26385309"]
[EventDate "2025.10.05"]

1. e4 c5 2. Nf3 e6 3. c3 Nf6 4. e5 Nd5 5. d4 cxd4 6. cxd4 d6 7. Bc4 Be7 8. O-O
O-O 9. Qe2 Nc6 10. Nc3 Nxc3 11. bxc3 dxe5 12. dxe5 Qa5 13. Rb1 Rd8 14. Bd3 a6
15. h4 Qa4 16. Bc2 Qg4 17. Bxh7+ Kh8 18. Bc2 Bxh4 19. g3 Be7 20. Kg2 Kg8 21. Rh1
f5 22. exf6 gxf6 23. Bh7+ Kg7 24. Rh4 Qxh4 25. Nxh4 f5 26. Qh5 1-0

[Event "25th European Teams Women"]
[Site "Batumi GEO"]
[Date "2025.10.12"]
[Round "7.6"]
[Board "4"]
[White "Yildiz, Elif Zeren"]
[Black "Shatil, Or"]
[Result "1-0"]
[WhiteTitle "WFM"]
[BlackTitle "WIM"]
[WhiteElo "2158"]
[BlackElo "2184"]
[WhiteTeam "Turkiye"]
[BlackTeam "Switzerland"]
[WhiteFideId "34588124"]
[BlackFideId "2842475"]
[EventDate "2025.10.05"]

1. e4 c6 2. d4 d5 3. Nd2 dxe4 4. Nxe4 Nf6 5. Nxf6+ exf6 6. c3 Bd6 7. Bd3 O-O 8.
Qc2 Re8+ 9. Ne2 h6 10. O-O Nd7 11. Ng3 Nb6 12. Nf5 Bc7 13. b3 Nd5 14. g3 Ne7 15.
Nh4 Bh3 16. Rd1 Qd7 17. Ba3 Nd5 18. Re1 Nf4 19. Be4 g6 20. Rad1 f5 21. Bf3 Rxe1+
22. Rxe1 Re8 23. Qd2 Nd5 24. Rxe8+ Qxe8 25. Ng2 g5 26. Bxd5 cxd5 27. Qe3 Qe6 28.
Bc5 b6 29. Bb4 f4 30. Qd2 Qe4 31. Ne1 fxg3 32. hxg3 g4 33. c4 Kg7 34. Qc2 Qxc2
35. Nxc2 dxc4 36. bxc4 f5 37. d5 Kf7 38. d6 Bd8 39. Nd4 a5 40. Ba3 Ke8 41. Nxf5
Bg5 42. Ne3 Kd7 43. c5 bxc5 44. Bxc5 h5 45. Nc4 a4 46. Bb6 Bf6 47. Be3 Kc6 48.
Bf4 Kc5 49. Ne3 Kc6 50. Nf5 Kd7 51. Ne3 Kc6 52. Nc4 Kc5 53. Nd2 Kd5 54. Nb1 Kc6
55. Na3 Kc5 56. Nc2 Kb5 57. Bh6 Kc6 58. Bf8 Be5 59. Nb4+ Kd7 60. Nd3 Bxd6 61.
Bxd6 Kxd6 62. Nb2 Kd5 63. Nxa4 Kd4 64. Nb6 h4 65. gxh4 Ke4 66. a4 Kf3 67. h5 1-0

[Event "25th European Teams Women"]
[Site "Batumi GEO"]
[Date "2025.10.12"]
[Round "7.7"]
[Board "1"]
[White "Tsolakidou, Stavroula"]
[Black "Houska, Jovanka"]
[Result "1-0"]
[WhiteTitle "IM"]
[BlackTitle "IM"]
[WhiteElo "2453"]
[BlackElo "2342"]
[WhiteTeam "Greece"]
[BlackTeam "England"]
[WhiteFideId "4264312"]
[BlackFideId "405094"]
[EventDate "2025.10.05"]

1. e4 c6 2. d4 d5 3. e5 Bf5 4. Nf3 e6 5. Be2 a5 6. a4 f6 7. O-O Nd7 8. c4 fxe5
9. dxe5 Bc5 10. Nbd2 Ne7 11. Nb3 Ba7 12. Nfd4 O-O 13. g4 c5 14. Nb5 Bg6 15. f4
d4 16. Bd2 Nc6 17. Nc1 Bb8 18. Nd3 h6 19. Qe1 Bh7 20. Qg3 Qe7 21. Rae1 g5 22.
Qh3 Qg7 23. Nd6 Bxd6 24. exd6 e5 25. fxg5 hxg5 26. Bf3 Kh8 27. Be4 Kg8 28. Bd5+
Kh8 29. Nf2 Rf6 30. Ne4 Rh6 31. Qb3 Bxe4 32. Bxe4 Nf6 33. Bxc6 bxc6 34. Rxe5
Rxh2 35. Re7 Qh6 36. Qf3 Nh7 37. d7 Rxd2 1-0

[Event "25th European Teams Women"]
[Site "Batumi GEO"]
[Date "2025.10.12"]
[Round "7.7"]
[Board "2"]
[White "Yao, Lan"]
[Black "Avramidou, Anastasia"]
[Result "0-1"]
[WhiteTitle "WGM"]
[BlackTitle "FM"]
[WhiteElo "2316"]
[BlackElo "2316"]
[WhiteTeam "England"]
[BlackTeam "Greece"]
[WhiteFideId "8610835"]
[BlackFideId "4239873"]
[EventDate "2025.10.05"]

1. e4 e5 2. Nf3 Nc6 3. Bc4 Bc5 4. d3 Nf6 5. Nc3 a6 6. O-O O-O 7. h3 h6 8. Be3
Bxe3 9. fxe3 d6 10. a4 Be6 11. Nd2 Bxc4 12. Nxc4 d5 13. exd5 Nxd5 14. e4 Nf4 15.
Qg4 h5 16. Qg3 Nd4 17. Rf2 f6 18. Ne3 c6 19. a5 Qe7 20. Kh2 Rad8 21. Rd1 Qe6 22.
Rdd2 g5 23. Na4 Qa2 24. b3 Qa3 25. Rf1 Rf7 26. Qf2 g4 27. Nf5 Nxf5 28. exf5 Qb4
29. hxg4 hxg4 30. d4 Rg7 31. Kg1 Rxd4 32. c3 Rxd2 33. Qxd2 Qxa5 34. Qd6 Qd5 35.
Qxd5+ Nxd5 36. Kf2 Rg5 37. Ke2 Nf4+ 38. Ke3 Nxg2+ 39. Ke4 g3 40. Nc5 Nf4 41. Rg1
g2 42. Kf3 Rxf5 43. Kg4 Rh5 44. Ne6 Rh1 0-1

[Event "25th European Teams Women"]
[Site "Batumi GEO"]
[Date "2025.10.12"]
[Round "7.7"]
[Board "3"]
[White "Pavlidou, Ekaterini"]
[Black "Hunt, Harriet V"]
[Result "1/2-1/2"]
[WhiteTitle "WIM"]
[BlackTitle "IM"]
[WhiteElo "2217"]
[BlackElo "2284"]
[WhiteTeam "Greece"]
[BlackTeam "England"]
[WhiteFideId "4213262"]
[BlackFideId "403512"]
[EventDate "2025.10.05"]

1. d4 Nf6 2. c4 e6 3. Nc3 Bb4 4. e3 b6 5. Ne2 Ba6 6. a3 Bxc3+ 7. Nxc3 d5 8. b3
O-O 9. Be2 Nc6 10. a4 Re8 11. O-O Na5 12. Rb1 c5 13. dxc5 bxc5 14. cxd5 Bxe2 15.
Qxe2 exd5 16. b4 cxb4 17. Rxb4 Nc6 18. Rf4 d4 19. Rd1 Qc7 20. Rxf6 dxc3 21. Rfd6
Ne5 22. f4 Nc4 23. R6d4 Rac8 24. R1d3 Qb6 25. Qe1 c2 26. Kf1 Qa6 27. Kf2 Qxa4
28. Qc3 Qa2 29. Qb3 Qb1 30. Rxc4 Rxc4 31. Qxc4 Qxc1 32. Qc6 Rf8 33. Rc3 Qd2+ 34.
Kf3 Qd1+ 35. Kf2 Rd8 36. Rxc2 Rd2+ 37. Rxd2 Qxd2+ 38. Kf3 Qd8 39. Qa6 Qa8+ 40.
Kf2 g6 41. h3 Qb8 42. Qa4 Qc7 43. Qa6 h5 44. g4 Qc2+ 45. Kf3 Qc5 46. gxh5 Qxh5+
47. Kf2 Qc5 48. h4 Qb6 49. Qa4 a5 50. h5 gxh5 51. Qe8+ Kg7 52. Qe5+ Kf8 53. Qh8+
Ke7 54. Qe5+ Kd8 55. Qd5+ Ke7 56. Qe5+ Kd7 57. Qd5+ Ke7 1/2-1/2

[Event "25th European Teams Women"]
[Site "Batumi GEO"]
[Date "2025.10.12"]
[Round "7.7"]
[Board "4"]
[White "Sivanandan, Bodhana"]
[Black "Grapsa, Georgia"]
[Result "1-0"]
[WhiteTitle "WFM"]
[BlackTitle "WFM"]
[WhiteElo "2205"]
[BlackElo "2086"]
[WhiteTeam "England"]
[BlackTeam "Greece"]
[WhiteFideId "497592"]
[BlackFideId "4206436"]
[EventDate "2025.10.05"]

1. e4 c5 2. Nf3 e6 3. g3 Nc6 4. Bg2 Nf6 5. Nc3 d5 6. exd5 exd5 7. d4 cxd4 8.
Nxd4 Bg4 9. Nde2 Bb4 10. h3 Bxc3+ 11. bxc3 Bf5 12. O-O O-O 13. Rb1 Qd7 14. g4
Be4 15. f3 Bg6 16. Bg5 h5 17. Qd2 Nh7 18. Bh4 Ne5 19. Nf4 Nc4 20. Qf2 Rfe8 21.
Rbe1 b5 22. Nxg6 fxg6 23. Qd4 g5 24. Bg3 Nf6 25. Qd3 Rxe1 26. Rxe1 Re8 27. Bf1
Rxe1 28. Bxe1 a6 29. Bf2 Qe6 30. Qd4 Ne5 31. Qe3 h4 32. Bd3 Qe8 33. Kg2 Nf7 34.
Bg6 Qxe3 35. Bxe3 Ne5 36. Bf5 Nf7 37. Be6 Kf8 38. Bxf7 Kxf7 39. Bxg5 Nd7 40.
Bxh4 Ke6 41. Bf2 Nb8 42. Bd4 g6 43. f4 Nc6 44. Bc5 Na5 45. Kg3 Nc4 46. h4 Nd2
47. Bd4 Ne4+ 48. Kf3 Nd2+ 49. Ke2 Ne4 50. Ke3 Ng3 51. Kf3 Ne4 52. h5 gxh5 53.
f5+ Kf7 54. gxh5 Ng5+ 55. Kf4 Nh7 56. h6 Ke7 57. Bg7 Kd6 58. Be5+ Ke7 59. Ke3
Kd7 60. Kd4 Kc6 61. Bf4 a5 62. Ke5 Kc5 63. f6 Nf8 64. f7 1-0

[Event "25th European Teams Women"]
[Site "Batumi GEO"]
[Date "2025.10.12"]
[Round "7.8"]
[Board "1"]
[White "Khukhashvili, Sopiko"]
[Black "Stefanova, Antoaneta"]
[Result "1-0"]
[WhiteTitle "IM"]
[BlackTitle "GM"]
[WhiteElo "2304"]
[BlackElo "2393"]
[WhiteTeam "Georgia 2"]
[BlackTeam "Bulgaria"]
[WhiteFideId "13602055"]
[BlackFideId "2902257"]
[EventDate "2025.10.05"]

1. e4 c6 2. d4 d5 3. Nc3 dxe4 4. Nxe4 Bf5 5. Ng3 Bg6 6. h4 h6 7. N1e2 Bh7 8. Nf4
Nd7 9. Bc4 e5 10. Qe2 Qe7 11. dxe5 Qxe5 12. Be3 Bb4+ 13. c3 Bd6 14. Rd1 Ngf6 15.
h5 b5 16. Bb3 Bc5 17. Nd3 Bxd3 18. Rxd3 O-O 19. O-O Rae8 20. Qf3 Bxe3 21. Rxe3
Qc5 22. Rfe1 Re5 23. Rxe5 Nxe5 24. Qf5 Ned7 25. Qf4 Nxh5 26. Nxh5 Qxh5 27. Qc7
Qf5 28. Qxc6 a5 29. Qd5 Qxd5 30. Bxd5 Nb6 31. Bc6 b4 32. cxb4 axb4 33. Re4 Rc8
34. Bb5 Ra8 35. Rxb4 Rxa2 36. Bc6 Nc4 37. Rxc4 Rxb2 38. Bd5 Rb8 39. Rc7 Rf8 40.
g4 g5 41. Kg2 Kg7 42. Kf3 Kg6 43. Be4+ Kf6 44. Ke3 Rd8 45. f3 Kg7 46. Rc6 Rd7
47. Bf5 Ra7 48. Bd3 Re7+ 49. Kd4 Rd7+ 50. Ke4 Re7+ 51. Kf5 Ra7 52. Bc4 Re7 53.
Rd6 Ra7 54. Bd5 Ra4 55. Ke5 Ra7 56. Rb6 Ra4 57. Rc6 Ra7 58. Kd6 Ra4 59. Rc7 Rf4
60. Ke5 Kf8 61. Be4 Kg7 62. Rc6 h5 63. gxh5 f6+ 64. Ke6 g4 65. Bf5 gxf3 66. Rc7+
Kh6 67. Kxf6 1-0

[Event "25th European Teams Women"]
[Site "Batumi GEO"]
[Date "2025.10.12"]
[Round "7.8"]
[Board "2"]
[White "Krasteva, Beloslava"]
[Black "Purtseladze, Maka"]
[Result "1-0"]
[WhiteTitle "FM"]
[BlackTitle "IM"]
[WhiteElo "2316"]
[BlackElo "2261"]
[WhiteTeam "Bulgaria"]
[BlackTeam "Georgia 2"]
[WhiteFideId "2922029"]
[BlackFideId "13602659"]
[EventDate "2025.10.05"]

1. d4 d5 2. c4 dxc4 3. Nf3 c5 4. e3 cxd4 5. Bxc4 e6 6. Nxd4 Nf6 7. O-O a6 8. Qe2
Bc5 9. Rd1 Qe7 10. a3 b5 11. Ba2 e5 12. Nb3 Bb6 13. Bd2 Bg4 14. f3 Be6 15. Bb4
Qa7 16. Nc3 Bc4 17. Qc2 Nc6 18. Bd6 Bc7 19. Bc5 Bb6 20. Ne4 Bxc5 21. Nbxc5 Nxe4
22. Nxe4 Qxe3+ 23. Kh1 O-O 24. b3 Nd4 25. Rxd4 exd4 26. bxc4 d3 27. Qc3 Rac8 28.
Re1 Qf4 29. Qxd3 Rfd8 30. Qe2 bxc4 31. Bxc4 a5 32. a4 h6 33. g3 Qc7 34. Ba6 Rb8
35. Bb5 Qe5 36. Qf2 Rbc8 37. Qe2 Qd4 38. Nf2 Qc3 39. Nd3 Qb3 40. Nc1 Qa3 41. Nd3
Rd4 42. Ne5 Qc3 43. Qe3 Qxe3 44. Rxe3 Rc2 45. Rd3 Rxd3 46. Bxd3 Ra2 47. Bb5 g5
48. g4 h5 49. gxh5 Kg7 50. Ng4 f5 51. Ne3 Kf6 52. h6 Ra1+ 53. Kg2 Ra2+ 54. Kh3
g4+ 55. Kg3 gxf3 56. Nxf5 Rg2+ 57. Kxf3 Rxh2 58. Bd3 Ke5 59. Kg3 Rh1 60. Kg2 Rh5
61. Bc2 Kf4 62. Kg1 Rh3 63. Kg2 Rh5 64. Bb1 Ke5 65. Kg3 Rh1 66. Bc2 Kf6 67. Ne3
Kf7 68. Ng4 Rc1 69. Ne5+ Kf6 70. h7 Kg7 71. Nf7 1-0

[Event "25th European Teams Women"]
[Site "Batumi GEO"]
[Date "2025.10.12"]
[Round "7.8"]
[Board "3"]
[White "Khurtsilava, Inga"]
[Black "Toncheva, Nadya"]
[Result "0-1"]
[WhiteTitle "WGM"]
[BlackTitle "FM"]
[WhiteElo "2128"]
[BlackElo "2332"]
[WhiteTeam "Georgia 2"]
[BlackTeam "Bulgaria"]
[WhiteFideId "13600419"]
[BlackFideId "2924056"]
[EventDate "2025.10.05"]

1. d4 d5 2. Nf3 Nf6 3. c3 c5 4. dxc5 e6 5. b4 a5 6. a3 axb4 7. cxb4 b6 8. c6
Bxb4+ 9. axb4 Rxa1 10. Bb2 Ra2 11. Qb3 Rxb2 12. Qxb2 Nxc6 13. b5 Ne7 14. e3 Qd6
15. Bd3 O-O 16. O-O Nd7 17. Nbd2 Bb7 18. Rd1 Nc5 19. Bb1 Qc7 20. Qc2 Ng6 21. h4
Rc8 22. Ng5 Qe7 23. f4 Ne4 24. Qb2 Nc3 25. Re1 Nxb1 26. Qxb1 Nf8 27. Qb2 f6 28.
Ngf3 Nd7 29. h5 Ra8 30. Qc3 Qc5 31. Qb2 Qa3 32. Qb1 Nc5 33. Nd4 Qd3 34. N2f3
Qxb1 35. Rxb1 Kf7 36. g4 h6 37. g5 Ra3 38. g6+ Ke7 39. Re1 Bc8 40. Kf2 Nd3+ 41.
Ke2 Nxe1 42. Nxe1 e5 43. fxe5 fxe5 44. Nc6+ Kd6 45. Nd3 Bg4+ 46. Kd2 Rxd3+ 0-1

[Event "25th European Teams Women"]
[Site "Batumi GEO"]
[Date "2025.10.12"]
[Round "7.8"]
[Board "4"]
[White "Radeva, Viktoria"]
[Black "Gvetadze, Sofio"]
[Result "1/2-1/2"]
[WhiteTitle "WGM"]
[BlackTitle "IM"]
[WhiteElo "2292"]
[BlackElo "2298"]
[WhiteTeam "Bulgaria"]
[BlackTeam "Georgia 2"]
[WhiteFideId "2915405"]
[BlackFideId "13601440"]
[EventDate "2025.10.05"]

1. e4 c5 2. Nc3 d6 3. Bb5+ Nd7 4. a4 a6 5. Be2 g6 6. f4 Bg7 7. Nf3 Nb8 8. d3 Nc6
9. O-O Nf6 10. Qe1 Rb8 11. Nd1 O-O 12. Ne3 Nd4 13. Bd1 b5 14. axb5 axb5 15. Qh4
Nxf3+ 16. Bxf3 Bb7 17. g4 d5 18. e5 Ne8 19. g5 f6 20. gxf6 exf6 21. Ra7 Nc7 22.
Ng4 f5 23. Nh6+ Bxh6 24. Qxh6 Rf7 25. c4 Bc6 26. Qh3 Ra8 27. Rxa8 Bxa8 28. cxb5
Nxb5 29. Bd2 Ra7 30. Re1 Nd4 31. Bg2 Ne6 32. Qg3 d4 33. Bf3 Bxf3 34. Qxf3 Qa8
35. Kf2 Qxf3+ 36. Kxf3 Ra2 37. Rb1 Kf7 38. Be1 Ke7 39. Bg3 Kd7 40. b4 Rd2 41.
Rb3 cxb4 42. Rxb4 Rxd3+ 43. Ke2 Re3+ 44. Kd2 Re4 45. Rb7+ Kc6 46. Rxh7 Nxf4 47.
Bxf4 Rxf4 48. e6 g5 49. Kd3 g4 50. Ra7 Kd5 51. e7 Rf3+ 52. Kd2 Re3 53. Ra5+ Kc4
54. Ra4+ Kb3 55. Rxd4 Rxe7 56. Rf4 Re5 57. Kd3 Rd5+ 58. Ke3 Kc3 59. Rf1 Rd3+ 60.
Kf4 Kd4 61. Rf2 Rh3 62. Rd2+ Kc3 63. Rd5 Rxh2 64. Rxf5 Rf2+ 1/2-1/2

[Event "25th European Teams Women"]
[Site "Batumi GEO"]
[Date "2025.10.12"]
[Round "7.9"]
[Board "1"]
[White "Narva, Mai"]
[Black "Roebers, Eline"]
[Result "1-0"]
[WhiteTitle "IM"]
[BlackTitle "IM"]
[WhiteElo "2403"]
[BlackElo "2383"]
[WhiteTeam "Estonia"]
[BlackTeam "Netherlands"]
[WhiteFideId "4500512"]
[BlackFideId "1058401"]
[EventDate "2025.10.05"]

1. e4 e6 2. d4 d5 3. Nc3 Nf6 4. Bg5 dxe4 5. Nxe4 Be7 6. Nxf6+ Bxf6 7. Bxf6 Qxf6
8. Nf3 O-O 9. Qd2 Rd8 10. Qc3 Nc6 11. O-O-O e5 12. d5 e4 13. Qxf6 gxf6 14. dxc6
Rxd1+ 15. Kxd1 exf3 16. gxf3 bxc6 17. Rg1+ Kh8 18. Bc4 Be6 19. Bxe6 fxe6 20. Rg4
Rd8+ 21. Ke2 Rd5 22. Rc4 Re5+ 23. Kf1 Ra5 24. Rxc6 Rxa2 25. b3 a5 26. Rxc7 a4
27. bxa4 Rxa4 28. Kg2 Rf4 29. c4 e5 30. c5 Kg8 31. c6 Rc4 32. Kf1 Rc2 33. Ke1
Kf8 34. Kd1 Rc5 35. Kd2 Ke8 36. Kd3 Kd8 37. Rxh7 Rxc6 38. h4 Rd6+ 39. Ke4 Ke8
40. h5 Kf8 41. Kf5 Rd2 42. Kxf6 Kg8 43. Rg7+ Kf8 44. Rg2 Ra2 45. Kf5 Ra4 46. Rg4
Ra2 47. h6 1-0

[Event "25th European Teams Women"]
[Site "Batumi GEO"]
[Date "2025.10.12"]
[Round "7.9"]
[Board "2"]
[White "Kazarian, Anna-Maja"]
[Black "Olde, Margareth"]
[Result "1-0"]
[WhiteTitle "FM"]
[BlackTitle "WIM"]
[WhiteElo "2244"]
[BlackElo "2187"]
[WhiteTeam "Netherlands"]
[BlackTeam "Estonia"]
[WhiteFideId "1033689"]
[BlackFideId "4503082"]
[EventDate "2025.10.05"]

1. e4 e5 2. Nf3 Nc6 3. Bb5 a6 4. Ba4 Nf6 5. O-O b5 6. Bb3 Bc5 7. Re1 d6 8. c3
Bb6 9. a4 Bg4 10. h3 Bxf3 11. Qxf3 O-O 12. d3 Na5 13. Bc2 Nd7 14. b4 Nb7 15. Bb3
Qe7 16. Nd2 c6 17. Nf1 Qf6 18. Qg3 Kh8 19. Ne3 Qg6 20. Qf3 Qf6 21. Qg4 Rad8 22.
Nf5 h6 23. Re2 Kh7 24. h4 Qg6 25. Qh3 Nf6 26. axb5 axb5 27. Ra6 Nd7 28. Ne7 Qf6
29. Bg5 Ra8 30. Rxa8 Rxa8 31. Bxf6 Nxf6 32. Qf5+ Kh8 33. Bxf7 1-0

[Event "25th European Teams Women"]
[Site "Batumi GEO"]
[Date "2025.10.12"]
[Round "7.9"]
[Board "3"]
[White "Blokhin, Sofia"]
[Black "Bensdorp-De Labaca, Marlies"]
[Result "1-0"]
[WhiteTitle "WFM"]
[BlackTitle "WIM"]
[WhiteElo "2071"]
[BlackElo "2215"]
[WhiteTeam "Estonia"]
[BlackTeam "Netherlands"]
[WhiteFideId "4508190"]
[BlackFideId "1009311"]
[EventDate "2025.10.05"]

1. d4 d5 2. c4 e6 3. Nc3 Nf6 4. e3 a6 5. b3 Nbd7 6. Nf3 b6 7. Bd3 Bb7 8. O-O Bd6
9. Qe2 Ne4 10. Bb2 O-O 11. a3 f5 12. b4 dxc4 13. Bxc4 Rf6 14. Nxe4 fxe4 15. Ne5
Rh6 16. h3 b5 17. Ba2 Bd5 18. Bxd5 exd5 19. f3 Nf6 20. fxe4 Bxe5 21. dxe5 Nxe4
22. Qf3 Qe7 23. Rad1 c6 24. Bd4 Rg6 25. Kh2 a5 26. bxa5 Rxa5 27. Qf5 Ra8 28. Rf3
Ng5 29. Rff1 Ne6 30. Bb2 Rf8 31. Qc2 Ng5 32. Rxf8+ Qxf8 33. Qe2 Qe7 34. Rf1 Re6
35. Qg4 Ne4 36. Bd4 Qe8 37. Qf5 Re7 38. Qg4 Re6 39. Qf5 h6 40. Qg4 Rg6 41. Qf4
Re6 42. Qg4 c5 43. Bb2 Nd2 44. Rf6 Rxf6 45. exf6 g6 46. Qf4 Qf7 47. Qb8+ Kh7 48.
Qxb5 Nc4 49. a4 g5 50. Qxc5 Kg6 51. Bd4 Qe6 52. a5 Ne5 53. Qe7 Ng4+ 54. hxg4
Qxg4 55. Qe8+ 1-0